L'Evolució de l'espai centrista a Catalunya (1976-1982) / per Joan B. Culla i Clarà
Descripción Física:
28 p. ; 21 cm
MARC
| LEADER | 00000nam a2200000Ia 4500 | ||
|---|---|---|---|
| 001 | 16374 | ||
| 008 | 160829s1989 xx 000 0 cat d | ||
| 080 | |a FU-41-49 | ||
| 100 | |a Culla i Clarà, Joan B. |9 27522 | ||
| 245 | |a L'Evolució de l'espai centrista a Catalunya (1976-1982) / per Joan B. Culla i Clarà | ||
| 260 | |a Barcelona : |b Institut de Ciències Polítiques i Socials, |c 1989 | ||
| 300 | |a 28 p. ; |c 21 cm | ||
| 490 | |a Working papers / Institut de Ciències Polítiques i Socials ; [4] | ||
| 650 | |a Partits de centre |x Catalunya |x 1976/1982 |9 39196 | ||
| 710 | 2 | |a Institut de Ciències Polítiques i Socials (Barcelona, Catalunya) |9 55871 | |
| 901 | |a Arxiu | ||
| 942 | |n 1 | ||
| 952 | |0 0 |1 0 |4 0 |6 FU4149 |7 1 |9 48861 |a Arxiu |b Arxiu |d 2016-12-01 |l 0 |o FU-41-49 |p 16374 |r 2016-12-01 00:00:00 |w 2016-12-01 |y ARXIU | ||
| 999 | |c 52696 |d 52696 | ||